000 00383nam a2200145Ia 4500
008 230917s9999||||xx |||||||||||||| ||und||
040 _e205922
_aMAIN
041 _aEnglish
082 _a327 M884H
100 _aMudgal, Rahul
245 0 _aHistory and problems of international relations
260 _aNew Delhi
_bSarup Book Publishers
_c2012
300 _av, 314 p.
942 _cBK
999 _c174763
_d174763